000 01712cam a2200409 a 4500
001 55023
005 20230404130038.0
008 910102s1987 sp af b f000 0 spa
010 _a 91100153
035 _a(OCoLC)ocm17001167
040 _aDLC
_cDLC
_dUIU
_dEL$
020 _a8400065204
020 _a9788400065201
029 1 _aNLGGC
_b040944034
035 _a(OCoLC)17001167
043 _anwcu---
_ae-sp---
050 1 4 _a107 F 1789
_bN218c 1987
082 0 0 _a325.24609729
100 1 _aNaranjo Orovio, Consuelo.
245 1 0 _aCuba vista por el emigrante español a la Isla, 1900-1959 :
_bun ensayo de historia oral /
_cpor Consuelo Naranjo Orovio.
260 _aMadrid :
_bConsejo Superior de Investigaciones Científicas, Centro de Estudios Históricos, Departamento de Historia de América,
_c1987.
300 _a164 p., [4] leaves of plates :
_bill. ;
_c21 cm.
440 0 _aAnexos de Revista de Indias ;
_v3
500 _aOriginally presented as the author's thesis (licenciatura)--Universidad Complutense de Madrid, 1986.
504 _aIncludes bibliographical references (p. [157]-164).
650 0 _aSpaniards
_zCuba
_xHistory
_y20th century.
651 0 _aCuba
_xEmigration and immigration
_xHistory
_y20th century.
651 0 _aSpain
_xEmigration and immigration
_xHistory
_y20th century.
650 0 _aImmigrants
_zCuba
_xHistory
_y20th century.
650 0 _aReturn migration
_zSpain
_xHistory
_y20th century.
650 0 _aSpaniards
_zCuba
_xAttitudes
_xHistory
_y20th century.
651 4 _aCuba
_xEmigracion e inmigracion
856 4 2 _3Más?... busque en WorldCat (solo desde FUNGLODE)
_uwww.firstsearch.oclc.org/fsip
942 _2lcc
_cbk
946 _amfcruz
994 _aC0
_bDRFGD
999 _c9830
_d9830